Verejnoprospešné práce

Primátori piatich miest sa vyjadrujú k otázke podpory zamestnávania dlhodobo nezamestnaných organizovaním verejnoprospešných prác. Ide o mestá Partizánske, Holíč, Považská Bystrica, Nové Mesto nad Váhom a Veľký Šariš.

Salvato in:
Dettagli Bibliografici
Natura: Capitolo di libro
Lingua:slovacco
Soggetti:
Tags: Aggiungi Tag
Nessun Tag, puoi essere il primo ad aggiungerne!!

MARC

LEADER 00000naa a2200000 4500
001 r016334
005 20221213114908.8
041 0 |a slo 
044 |a SK 
245 1 0 |a Verejnoprospešné práce 
520 |a Primátori piatich miest sa vyjadrujú k otázke podpory zamestnávania dlhodobo nezamestnaných organizovaním verejnoprospešných prác. Ide o mestá Partizánske, Holíč, Považská Bystrica, Nové Mesto nad Váhom a Veľký Šariš. 
610 2 0 |a správa verejná 
610 2 0 |a mestá 
610 2 0 |a Slovensko 
610 2 0 |a práce verejnoprospešné 
610 2 0 |a nezamestnanosť